No Borders: (Record no. 63593)

MARC details
000 -LEADER
fixed length control field 00585nam a22001457a 4500
005 - DATE AND TIME OF LATEST TRANSACTION
control field 20180818121822.0
020 ## - INTERNATIONAL STANDARD BOOK NUMBER
International Standard Book Number 8189654047
Terms of availability 425.00
035 ## - SYSTEM CONTROL NUMBER
System control number B-228008, B-228007, B-228011
037 ## - SOURCE OF ACQUISITION
Stock number DPL
Source of stock number/acquisition ENG
100 ## - MAIN ENTRY--PERSONAL NAME
Personal name Sharma,Mukul
245 ## - TITLE STATEMENT
Title No Borders:
Statement of responsibility, etc by Mukul Sharma
Remainder of title Journey of an Indian Journalist/
260 ## - PUBLICATION, DISTRIBUTION, ETC. (IMPRINT)
Place of publication, distribution, etc Delhi
Name of publisher, distributor, etc Danish Books
Date of publication, distribution, etc 2006
300 ## - PHYSICAL DESCRIPTION
Extent x,248p.
Dimensions 23 cms.
942 ## - ADDED ENTRY ELEMENTS (KOHA)
Source of classification or shelving scheme Dewey Decimal Classification
Item type English Books
Classification part 070.44
Call number suffix SHA
Holdings
Withdrawn status Lost status Not for loan Collection code Home library Current library Date acquired Full call number Barcode Cost, replacement price Koha item type Source of acquisition Cost, normal purchase price
      Non-fiction Patel Nagar Patel Nagar 03/08/2018 070.44 SHA B-228007 425.00 English Books BPPD/PUB 425.00
      Non-fiction Sarojini Nagar Sarojini Nagar 29/02/2012 070.44 SHA B-228008 425.00 English Books    
      Non-fiction Shahdara Branch Shahdara Branch 18/08/2018 070.44 SHA B-228011 425.00 English Books BPPD/PUB 425.00

© Delhi Public Library
Hit Counter
free hit counter